|
|
|
|
| LEADER |
00000nab a2200000uu 4500 |
| 001 |
vtls010901452 |
| 003 |
SK-MaSNL |
| 005 |
20260303125423.0 |
| 008 |
230218|2012 xo |||||||||||||||||slo| |
| 015 |
|
|
|a SNBRB
|
| 035 |
|
|
|a (urnnbn)urn:nbn:sk:snk:ar-a07n1a
|
| 035 |
|
|
|a (uuid)5e69cda5-223b-4cd9-997e-11ad385a5202
|
| 035 |
|
|
|a urn:nbn:sk:snk-ab8sxx
|
| 040 |
|
|
|a SNKBUCL
|b slo
|c SNKBUCL
|e AACR2
|
| 041 |
0 |
|
|a slo
|
| 044 |
|
|
|a xo
|c SK
|
| 100 |
1 |
|
|a Borešová, Anna
|4 aut
|9 821556
|
| 245 |
1 |
0 |
|a 45 ROKOV INTERNÉHO UNIVERZITNÉHO VZDELÁVANIA ŠPECIÁLNYCH PEDAGÓGOV NA SLOVENSKU
|c Anna Borešová
|
| 773 |
0 |
|
|t Efeta - otvor sa : vedecko-odborný časopis o komplexnej rehabilitácii ľudí s postihnutím
|g Roč. 22, č. 3 (2012), s. 31-32
|
| 954 |
|
|
|a odborná, vedecká literatúra pôvodná (slovenská)
|2 lita
|
| 958 |
|
|
|a OND
|
| 958 |
|
|
|a EUIPO
|
| 958 |
|
|
|a article10
|
| 999 |
|
|
|c 1934650
|d 1936580
|